Loading...

Uyirpu/

Bibliographic Details
Main Author: Thomas Kutty L
Format: Printed Book
Published: Kottayam: Sahitya pravartaka co-operative society, 2011.
Subjects:
LEADER 00584nam a22001697a 4500
020 |a 9780000189806 
082 |a M1  |b THO/U 
100 |a Thomas Kutty L  |9 7863 
245 |a Uyirpu/  |c by Thomas Kutty L. 
260 |a Kottayam:  |b Sahitya pravartaka co-operative society,  |c 2011. 
300 |a 72p. 
650 |a Poetry Malayalam  |9 7864 
650 |a Literature Malayalam  |9 7865 
650 |a Literature   |9 7866 
942 |c BK 
999 |c 63797  |d 63797 
952 |0 0  |1 0  |4 0  |6 M_1_000000000000000_THO_U  |7 0  |9 85204  |a SSUS  |b SSUS  |c STACKS  |d 2016-12-24  |g 50.00  |l 4  |o M1 THO/U  |p 082927  |r 2018-08-14  |s 2018-07-25  |w 2016-12-24  |y BK